Nhập môn Microsoft Word

Sách cung cấp những kiến thức căn bản nhất về Word, về cách soạn thảo văn bản, cách định dạng văn bản và cách tạo, định dạng các bảng theo nhiều cách khác nhau

保存先:
書誌詳細
第一著者: Hồ, Trọng Long
フォーマット: 図書
言語:Undetermined
出版事項: [Hà Nội] Thống kê 2003
主題:
タグ: タグ追加
タグなし, このレコードへの初めてのタグを付けませんか!
Thư viện lưu trữ: Trung tâm Học liệu Trường Đại học Cần Thơ
LEADER 00874nam a2200217Ia 4500
001 CTU_59888
008 210402s9999 xx 000 0 und d
020 |b 25000 
020 |c 25000 
082 |a 005.3 
082 |b L431 
100 |a Hồ, Trọng Long 
245 0 |a Nhập môn Microsoft Word 
245 0 |c Hồ Trọng Long, Nguyễn Phước Đại, Nguyễn Duy Hoàng Mỹ 
260 |a [Hà Nội] 
260 |b Thống kê 
260 |c 2003 
520 |a Sách cung cấp những kiến thức căn bản nhất về Word, về cách soạn thảo văn bản, cách định dạng văn bản và cách tạo, định dạng các bảng theo nhiều cách khác nhau 
650 |a Microsoft word ( computer programs ) 
904 |i Minh, Huỳnh Mai 
980 |a Trung tâm Học liệu Trường Đại học Cần Thơ